000 00359nam a2200145Ia 4500
008 230917s9999||||xx |||||||||||||| ||und||
040 _e112228
_aMAIN
041 _aEnglish
082 _a327 G959S
100 _aGupta,Rakesha.
245 0 _aState in india ,pakistan,russiacentral asia
260 _aDelhi
_bKalpaz
_c2004
300 _a285p p.
942 _cBK
999 _c129006
_d129006